000 00482nam a22001817a 4500
003 MPLRDC
005 20220104143131.0
008 210129b ||||| |||| 00| 0 eng d
082 _a494.7 PUR
100 _aW.R. PURCELL
245 _a盈亏之间: 如何看财务报表
_c王修本译
250 _a一版三印
260 _a
_b天下出版社
_c1986
300 _b
490 _a天下人知识系列. 4
650 _a财务管理; 经营财务
942 _cBK
_o494.7 PUR
999 _c36945
_d36935